| 000 | 00631nam a2200193 i 4500 | ||
|---|---|---|---|
| 001 | 54963 | ||
| 003 | ES-MaACL | ||
| 005 | 20230906163045.0 | ||
| 007 | t| | ||
| 008 | 030910s1967 sp ||||1| spa d | ||
| 100 | 1 |
_aDelay, Jean. _943341 |
|
| 245 | 1 | 0 |
_aElectroencefalografía clínica / _cpor Jean Delay, Georges Verdeaux ; versión J.M. Samsó Díez y J. Vila Badó. |
| 260 |
_aBarcelona : _bToray Masson, _c[1967] |
||
| 300 |
_aXII, 242 p., 14 gráf. ; _c25 cm. |
||
| 700 | 1 |
_aVerdeaux, Georges. _9114012 |
|
| 700 | 1 |
_aSamsó Díez, J. M. _9102208 |
|
| 700 | 1 |
_aVila Badó, J. _9114710 |
|
| 852 |
_aES-MaACL _jC-33951 _bR.64332 |
||
| 999 |
_c54963 _d54963 |
||